[Event "San Francisco Leighton Memorial"]
[Site "San Francisco"]
[Date "2015.09.29"]
[Round "9"]
[White "Frank, Robert"]
[Black "Rothman, Ivan"]
[Result "1-0"]
[WhiteElo "1444"]
[BlackElo "1675"]
[PlyCount "91"]
[EventDate "2015.08.04"]
[EventType "swiss"]
[EventRounds "9"]
[EventCountry "USA"]
[SourceTitle "EXT 2023"]
[Source "ChessBase"]
[SourceDate "2022.10.05"]
[SourceVersion "1"]
[SourceVersionDate "2022.10.05"]
[SourceQuality "1"]

1. d4 Nf6 2. Nf3 g6 3. g3 Bg7 4. Bg2 0-0 5. 0-0 d6 6. Nc3 Nbd7 7. e4 e5 8. dxe5 dxe5 9. Re1 Re8 10. Nd5 c6 11. Nxf6+ Nxf6 12. Qxd8 Rxd8 13. Nxe5 h5 14. h3 Nh7 15. Nd3 g5 16. f4 g4 17. h4 Bd4+ 18. Be3 Bg7 19. e5 Bf5 20. Rad1 Nf8 21. Bf2 Ne6 22. Be4 Bxe4 23. Rxe4 c5 24. Ree1 b6 25. a4 Rd7 26. b3 Rad8 27. Nb2 Rd2 28. Rxd2 Rxd2 29. Rc1 f5 30. Nc4 Rd5 31. Kf1 Bf8 32. c3 Kf7 33. Ke2 Nc7 34. Rd1 Rxd1 35. Kxd1 Nd5 36. Kc2 Ke6 37. Kd3 Be7 38. Na3 a6 39. Kc4 Bf8 40. Nc2 Be7 41. Ne3 Nxe3+ 42. Bxe3 Bf8 43. b4 cxb4 44. cxb4 a5 45. bxa5 bxa5 46. Bc5 1-0

[Event "San Francisco Leighton Memorial"]
[Site "San Francisco"]
[Date "2015.08.25"]
[Round "4"]
[White "Rothman, Ivan"]
[Black "Eytan, David"]
[Result "1-0"]
[WhiteElo "1675"]
[BlackElo "1711"]
[PlyCount "61"]
[EventDate "2015.08.04"]
[EventType "swiss"]
[EventRounds "9"]
[EventCountry "USA"]
[SourceTitle "EXT 2023"]
[Source "ChessBase"]
[SourceDate "2022.10.05"]
[SourceVersion "1"]
[SourceVersionDate "2022.10.05"]
[SourceQuality "1"]

1. Nf3 c5 2. g3 Nc6 3. Bg2 d6 4. 0-0 g6 5. d3 Bg7 6. e4 Nf6 7. c3 Bd7 8. Nbd2 a5 9. h4 Rc8 10. Re1 0-0 11. Nf1 Na7 12. a4 b5 13. axb5 Nxb5 14. Bd2 c4 15. d4 Qb6 16. N3h2 Nc7 17. Ne3 Ne6 18. Qc2 a4 19. Nd5 Nxd5 20. exd5 Bxd4 21. cxd4 Nxd4 22. Qc3 Nb5 23. Qe3 Qxe3 24. Rxe3 Nd4 25. Rxe7 Bb5 26. Bc3 Nb3 27. Rae1 Ra8 28. Rb7 Ba6 29. Rb6 Rfd8 30. Bf6 Rd7 31. Rxa6 1-0

[Event "San Francisco TNM Spring op"]
[Site "San Francisco"]
[Date "2015.03.31"]
[Round "3"]
[White "Ho, Stephen R"]
[Black "Rothman, Ivan"]
[Result "1-0"]
[WhiteElo "1636"]
[BlackElo "1397"]
[PlyCount "49"]
[EventDate "2015.03.17"]
[EventType "swiss"]
[EventRounds "8"]
[EventCountry "USA"]
[SourceTitle "EXT 2016"]
[Source "ChessBase"]
[SourceDate "2015.10.08"]
[SourceVersion "1"]
[SourceVersionDate "2015.10.08"]
[SourceQuality "1"]

1. e4 d6 2. f4 g6 3. Nf3 Bg7 4. Bc4 Bg4 5. Bxf7+ Kxf7 6. Ng5+ Ke8 7. Qxg4 Nf6 8. Qe6 Rf8 9. 0-0 Qd7 10. Qb3 b6 11. e5 dxe5 12. fxe5 Qd4+ 13. Kh1 Qxe5 14. d3 Qe2 15. Kg1 Bh6 16. Nc3 Qh5 17. Ne6 Ng4 18. Rxf8+ Bxf8 19. Bf4 Na6 20. Qa4+ Kf7 21. Ng5+ Kg7 22. Qd4+ e5 23. Bxe5+ Nxe5 24. Qxe5+ Kh6 25. Nf7# 1-0

[Event "San Francisco TNM Winter op"]
[Site "San Francisco"]
[Date "2015.02.24"]
[Round "8"]
[White "Rothman, Ivan"]
[Black "Hood, Bryan"]
[Result "1-0"]
[WhiteElo "1379"]
[BlackElo "1521"]
[PlyCount "69"]
[EventDate "2015.01.06"]
[EventType "swiss"]
[EventRounds "8"]
[EventCountry "USA"]
[SourceTitle "EXT 2016"]
[Source "ChessBase"]
[SourceDate "2015.10.08"]
[SourceVersion "1"]
[SourceVersionDate "2015.10.08"]
[SourceQuality "1"]

1. Nf3 d5 2. g3 Nf6 3. Bg2 e6 4. 0-0 Be7 5. d3 Nbd7 6. Nbd2 c5 7. e4 Qc7 8. Re1 Bd6 9. exd5 Nxd5 10. Nc4 0-0 11. a4 a5 12. Bd2 N7f6 13. Nxd6 Qxd6 14. Ne5 Nd7 15. Nc4 Qb8 16. Bxa5 b5 17. axb5 Qxb5 18. Bd2 Rxa1 19. Qxa1 Qb8 20. Bxd5 exd5 21. Bf4 Qb7 22. Nd6 Qa6 23. Qxa6 Bxa6 24. Ra1 Bc8 25. Ra7 Nf6 26. Rc7 Bh3 27. Rxc5 Ra8 28. f3 h6 29. g4 g5 30. Be5 Kg7 31. Nf5+ Kg6 32. Ne7+ Kg7 33. Nxd5 Ra6 34. Bxf6+ Rxf6 35. Nxf6 1-0